| 000 | 00896nam a2200277 i 4500 | ||
|---|---|---|---|
| 001 | bg | ||
| 100 | 1 |
_aBarszczak, Stanisław _d(1961- ). |
|
| 245 | 1 | 0 |
_aBliźni i on : _bfilozofia podmiotu Paula Ricoeura i Emmanuela Levinasa / _cStanisław Barszczak. |
| 260 |
_aCzęstochowa : _b[Stanisław Barszczak], _c2008. |
||
| 300 |
_a368 s. ; _c24 cm. |
||
| 500 | _aNa s. red. błędny ISBN. | ||
| 504 | _aBibliogr. s. 336-353. | ||
| 546 | _aStreszcz. ang. | ||
| 600 | 1 | 9 |
_aRicoeur, Paul _d(1913-2005) _xtwórczość |
| 600 | 1 | 9 |
_aLevinas, Emmanuel _d(1906-1996) _xtwórczość |
| 650 | 9 |
_aHermeneutyka _xhistoria _zFrancja _y20 w. |
|
| 650 | 9 |
_aReligia _xfilozofia |
|
| 020 |
_a8360388040 _z8360388032 |
||
| 040 | _cBPK | ||
| 041 | 0 |
_apol _beng |
|
| 044 | _aPOL | ||
| 080 | _a1(44)"19"A/Z | ||
| 920 |
_a83-60388-04-0 _z83-60388-03-2 |
||
| 942 | _cKS | ||
| 008 | 090506s2008 pl |000 0 pol | ||
| 999 |
_c56277 _d56277 |
||
| 856 |
_uhttp://koha.tu.koszalin.pl/cgi-bin/koha/opac-detail.pl?biblionumber=56277 _yKatalog online BPK |
||